000 01317nam0a22002891 4500
001 RU\INFOCOMM_322\NLR\5000160898
005 20250614080055.0
035 _a(NLR Aleph) 010592368
090 _a10507177
_c10507177
100 _a20130208d1933 |||y0rusy50 ca
101 0 _aeng
102 _aRU
105 _aa z||||
200 1 _aˆ...‰ An English reader on refrigerating machinery
_fE. Lubimova and E. Ashworth
_dАнглийская хрестоматия по холодильным машинам
_fЕ. Любимова и Е. Ашворт
_g[Ред. Е. Б. Иоэльсон
_gПредисл.: А. А. Цибарт]
_zrus
210 _aМосква
_aЛенинград
_cГос. техн.-теорет. изд-во
_d1933
_e[Москва]
_g17 тип. Огиз'а
215 _aОбл., 143 с.
_cил.
_d21×15 см
510 1 _aАнглийская хрестоматия по холодильным машинам
_zrus
606 0 _aАнглийский язык
_xХолодильные машины
_jХрестоматии
_2nlr_sh1
620 _aСанкт-Петербург
700 1 _9z01790
_aLjubimova
_bE.
701 1 _aAshworth
_bE.
790 1 _9z01700
_aLubimova
_bE.
_4070
801 1 _aRU
_bInfocomm
_c20130208
801 0 _aRU
_bINFOCOMM
_gPSBO
852 _aNLR
_jD-4/1
942 _cBOOK
980 _aNB